LEADER 02679nas# 2200409 i 450 001 SUN0000945 005 20150721101051.971 010 $d0.00 011 $a1035-6654 100 $a20061122a1997 |0engc50 ba 101 $aeng 102 $aUS 105 $a|||| ||||| 110 $aaQ||||||||| 200 1 $a*Comparative labor law & policy journal$fUniversity of Illinois college of law 205 $aV. 19, n. 1 (fall 1997)- 207 $aPennsylvania : University of Illinois college of law, 1997- 210 $avolumi$a26 cm 215 $aTrimestrale. 520 1$3SUN0000361$aComparative labor law journal / a publication of the Law school and the Wharton school of the University of Pennsylvania and the US National branch of the International society for labor law and social security. - 1986-v. 18, n. 4 (summer 1997). - Philadelphia : University of Pennsylvania, 1986-1997. - 18 volumi ; 26 cm. - Trimestrale. 532 1$3SUN0079630$aComparative labor law and policy journal. 606 $aDiritto del lavoro comparato$2FI$3SUNC019632 620 $dPhiladelphia$3SUNL000037 676 $a341.76305$cDiritto internazionale del lavoro. Pubblicazioni in serie$v21 712 02$aInternational society for labour law and social security$3SUNV000343 712 $aUniversity of Philadelphia$3SUNV002377$4650 801 $aIT$bSOL$c20181109$gRICA 856 4 $uhttp://www.heinonline.org/HOL/Index?index=journals/cllpj&collection=journals 899 $aUFFICIO DI BIBLIOTECA DEL DIPARTIMENTO DI GIURISPRUDENZA$2SUN00$41997-2000; lac. 1998; 2000;$cSALA LETTURA sc. 10 ; 912 $aSUN0000945 950 $aUFFICIO DI BIBLIOTECA DEL DIPARTIMENTO DI GIURISPRUDENZA$b00 1997-2000; lac. 1998; 2000;$d00 RIV SALA AZZURRA sc. 10 1997 $e00 RIV6597 $d00 RIV SALA AZZURRA sc. 10 1998 $e00 RIV6598 $d00 RIV SALA AZZURRA sc. 10 1999 $e00 RIV65099 $d00 RIV SALA AZZURRA sc. 10 2000 $e00 RIV66000 995 $aUFFICIO DI BIBLIOTECA DEL DIPARTIMENTO DI GIURISPRUDENZA$gRIV$h6597$kRIV SALA AZZURRA sc. 10 1997$oc$qa 995 $aUFFICIO DI BIBLIOTECA DEL DIPARTIMENTO DI GIURISPRUDENZA$gRIV$h6598$kRIV SALA AZZURRA sc. 10 1998$oc$qa 995 $aUFFICIO DI BIBLIOTECA DEL DIPARTIMENTO DI GIURISPRUDENZA$gRIV$h65099$kRIV SALA AZZURRA sc. 10 1999$oc$qa 995 $aUFFICIO DI BIBLIOTECA DEL DIPARTIMENTO DI GIURISPRUDENZA$gRIV$h66000$kRIV SALA AZZURRA sc. 10 2000$oc$qa 996 $aComparative labor law & policy journal$9978352 997 $aUNICAMPANIA LEADER 01805oam 2200517M 450 001 9910716138503321 005 20200213070929.5 035 $a(CKB)5470000002518731 035 $a(OCoLC)1065612443 035 $a(OCoLC)995470000002518731 035 $a(EXLCZ)995470000002518731 100 $a20071213d1926 ua 0 101 0 $aeng 135 $aurcn||||||||| 181 $ctxt$2rdacontent 182 $cc$2rdamedia 183 $acr$2rdacarrier 200 10$aGershon Bros. Co. April 27, 1926. -- Committed to the Committee of the Whole House and ordered to be printed 210 1$a[Washington, D.C.] :$c[U.S. Government Printing Office],$d1926. 215 $a1 online resource (4 pages) 225 1 $aHouse report / 69th Congress, 1st session. House ;$vno. 998 225 1 $a[United States congressional serial set ] ;$v[serial no. 8537] 300 $aBatch processed record: Metadata reviewed, not verified. Some fields updated by batch processes. 300 $aFDLP item number not assigned. 606 $aClaims 606 $aLegislative amendments 606 $aRelocation 606 $aRent 606 $aRequisitions, Military 606 $aWorld War, 1914-1918 608 $aLegislative materials.$2lcgft 615 0$aClaims. 615 0$aLegislative amendments. 615 0$aRelocation. 615 0$aRent. 615 0$aRequisitions, Military. 615 0$aWorld War, 1914-1918. 701 $aWinter$b Charles E$g(Charles Edwin),$f1870-1948$pRepublican (WY)$01387987 801 0$bWYU 801 1$bWYU 801 2$bOCLCO 801 2$bOCLCQ 906 $aBOOK 912 $a9910716138503321 996 $aGershon Bros. Co. April 27, 1926. -- Committed to the Committee of the Whole House and ordered to be printed$93525651 997 $aUNINA